| 000 | 00330nam a22001337a 4500 | ||
|---|---|---|---|
| 082 | _a332.1 SBP | ||
| 100 | _aState Bank of Pakistan | ||
| 245 |
_aAnnual Report 2005-2006 _cState Bank of Pakistan |
||
| 250 | _aVolume 1 | ||
| 260 |
_aKarachi _bState Bank of Pakistan _c2006 |
||
| 300 | _a114p | ||
| 563 | _aP.B | ||
| 942 |
_2ddc _cBK |
||
| 999 |
_c588876 _d588876 |
||